书目信息 |
| 题名: |
工程热力学
|
|
| 作者: | 王谦 , 刘涛 , 吉恒松 主编 | |
| 分册: | ||
| 出版信息: | 镇江 江苏大学出版社 2020.09 |
|
| 页数: | 229页 | |
| 开本: | 26cm | |
| 丛书名: | ||
| 单 册: | ||
| 中图分类: | TK123 | |
| 科图分类: | ||
| 主题词: | 工程热力学--gong cheng re li xue--高等学校--教材 | |
| 电子资源: | ||
| ISBN: | 978-7-5684-1437-1 | |
| 000 | 01059nam0 2200289 450 | |
| 001 | CAL 0120217115942 | |
| 005 | 20210325150458.8 | |
| 010 | @a978-7-5684-1437-1@dCNY55.00 | |
| 100 | @a20210325d2020 em y0chiy0120 ea | |
| 101 | 0 | @achi |
| 102 | @aCN@b320000 | |
| 105 | @aa a 000yy | |
| 106 | @ar | |
| 200 | 1 | @a工程热力学@Agong cheng re li xue@d= Engineering thermodynamics@f主编王谦, 刘涛, 吉恒松@zeng |
| 210 | @a镇江@c江苏大学出版社@d2020.09 | |
| 215 | @a229页@c图@d26cm | |
| 320 | @a有书目 (第193页) | |
| 330 | @a本书主要内容包括: 绪论、基本概念、热力学第一定律、理想气体性质及过程、热力学第二定律、气体的流动、气体动力循环、实际气体与蒸汽动力循环、制冷循环及热泵循环等。 | |
| 333 | @a“十三五”江苏省高等学校重点教材 | |
| 510 | 1 | @aEngineering thermodynamics@zeng |
| 606 | 0 | @a工程热力学@Agong cheng re li xue@x高等学校@j教材 |
| 690 | @aTK123@v5 | |
| 701 | 0 | @a王谦@Awang qian@4主编 |
| 701 | 0 | @a刘涛@Aliu tao@4主编 |
| 701 | 0 | @a吉恒松@Aji heng song@4主编 |
| 801 | 0 | @aCN@b人天书店@c20210325 |
| 905 | @aTSG@b0000264@dTK123@eW315@f2 | |
| 工程热力学= Engineering thermodynamics/主编王谦, 刘涛, 吉恒松.-镇江:江苏大学出版社,2020.09 |
| 229页:图;26cm |
| 使用对象:“十三五”江苏省高等学校重点教材 |
| ISBN 978-7-5684-1437-1:CNY55.00 |
| 本书主要内容包括: 绪论、基本概念、热力学第一定律、理想气体性质及过程、热力学第二定律、气体的流动、气体动力循环、实际气体与蒸汽动力循环、制冷循环及热泵循环等。 |
| ● |
| 相关链接 |
|
|
|
正题名:工程热力学
索取号:TK123/W315
 
预约/预借
| 序号 | 登录号 | 条形码 | 馆藏地/架位号 | 状态 | 备注 |
| 1 | 1530212 | 215302125 | 自科库501/501自科库 136排1列4层/ [索取号:TK123/W315] | 在馆 | |
| 2 | 1530213 | 215302134 | 自科库501/501自科库 136排1列4层/ [索取号:TK123/W315] | 在馆 |